| 000 | 01539cam a22003615a 4500 | ||
|---|---|---|---|
| 999 |
_c26971 _d26943 |
||
| 001 | 17643942 | ||
| 005 | 20181112142151.0 | ||
| 008 | 130207s2012 enka frb 001 0 eng d | ||
| 010 | _a 2013376525 | ||
| 015 |
_aGBB2B2026 _2bnb |
||
| 016 | 7 |
_a016205681 _2Uk |
|
| 020 | _a9781443841719 (hbk.) | ||
| 020 | _a1443841714 (hbk.) | ||
| 035 | _a(OCoLC)ocn817261764 | ||
| 040 |
_aUKMGB _beng _cUKMGB _dOCLCO _dYDXCP _dYNK _dCDX _dUAT _dDLC _dEG-ScBUE |
||
| 042 | _alccopycat | ||
| 082 | 0 | 4 |
_a306.44 _bNEW _222 |
| 245 | 0 | 0 |
_aNew persectives on (im)politeness and interpersonal communication / _cedited by Lucia Fernández Amaya ... [et al.]. |
| 250 | _a1st ed. | ||
| 260 |
_aNewcastle upon Tyne : _bCambridge Scholars Pub., _c2012. |
||
| 300 |
_avi, 278 p. : _bill. ; _c22 cm. |
||
| 490 | 0 | _aAdvances in pragmatics and discourse analysis | |
| 504 | _aIncludes bibliographical references and index. | ||
| 505 | 0 | _aState of the art of (im)politeness studies -- (Im)politeness in the mass media -- (Im)politeness, speech acts and language teaching -- (Im)politeness in other specific contexts. | |
| 520 | _aNew Perspectives on (Im)Politeness and Interpersonal Communication gathers eleven studies by prominent scholars, which explore issues related to (im)politeness in human communication. | ||
| 650 | 7 |
_aPragmatics. _2BUEsh _937316 |
|
| 650 | 7 |
_aPoliteness (Linguistics) _2BUEsh |
|
| 651 | _2BUEsh | ||
| 653 |
_bHHUUEENN _cNovember2018 |
||
| 655 | _vReading book | ||
| 700 | 1 |
_aFernández-Amaya, Lucia, _eeditor. |
|
| 942 | _2ddc | ||